Normal view
MARC view
- Zurawski, Richard
Entry Personal Name
001 - CONTROL NUMBER
- control field: 37853
003 - CONTROL NUMBER IDENTIFIER
- control field: OSt
005 - DATE AND TIME OF LATEST TRANSACTION
- control field: 20150505155227.0
008 - FIXED-LENGTH DATA ELEMENTS
- fixed length control field: 150505|| aca||aabn | a|a d
040 ## - CATALOGING SOURCE
- Original cataloging agency: OSt
100 1# - HEADING--PERSONAL NAME
- Personal name: Zurawski, Richard
400 1# - SEE FROM TRACING--PERSONAL NAME
- Personal name: Zurawski, R.
- Fuller form of name: (Richard)